University Home | Library Home | Institutional Repository

Lectures on the Sutra : (Record no. 150722)

MARC details
000 -LEADER
fixed length control field 00601cam3a220020500 4500
001 - CONTROL NUMBER
control field lce02066049
005 - DATE AND TIME OF LATEST TRANSACTION
control field 20190823110144.0
008 - FIXED-LENGTH DATA ELEMENTS--GENERAL INFORMATION
fixed length control field 860925s1984 ja 000 0 eng
010 ## - LIBRARY OF CONGRESS CONTROL NUMBER
LC control number 86208073
020 ## - INTERNATIONAL STANDARD BOOK NUMBER
International Standard Book Number 4888720177
035 ## - SYSTEM CONTROL NUMBER
System control number (Sirsi) r100672
035 ## - SYSTEM CONTROL NUMBER
System control number (DLC) 86208073
035 ## - SYSTEM CONTROL NUMBER
System control number (UPRA)lce02066049
050 0# - LIBRARY OF CONGRESS CALL NUMBER
Classification number BQ2057
Item number .L43 1984
245 00 - TITLE STATEMENT
Title Lectures on the Sutra :
Remainder of title the Hoben and Juryo chapters.
250 ## - EDITION STATEMENT
Edition statement Rev. ed.
260 ## - PUBLICATION, DISTRIBUTION, ETC.
Place of publication, distribution, etc. Tokyo :
Name of publisher, distributor, etc. Nichiren Shoshu International Center,
Date of publication, distribution, etc. 1984.
949 ## - LOCAL PROCESSING INFORMATION (OCLC)
a BQ2057
w lcc
i -143479
m MAIN
p 1500
t BOOK
l ON-SHELF

No items available.

© 2026 - The University of Zambia Library - Koha v25.11